Statistiques concernant Personnages de Raiponce par images

Cliquez ici pour prendre le quiz!

Statistiques générales

  • Ce quiz a été pris 311 fois
  • Le résultat moyen est 5 sur 8

Statistiques - réponses

Réponse% Correct
Raiponce
100%
Flynn Rider
91%
Pascal
89%
Maximus
76%
Mère Gothel
71%
Vladimir
39%
Ulf
22%
Les frères Stabbington
13%

Distribution des résultats

Percentile par nombre de réponses

% des personnes avec chaque résultat

Votre développement - résultats

Vous n’avez pas pris ce quiz